Central Library OPAC University of Rajshahi

বাংলা কবিতা সংকলন / (Record no. 40880)

MARC details
000 -LEADER
fixed length control field 00847nam a2200229 a 4500
001 - CONTROL NUMBER
control field 40880
003 - CONTROL NUMBER IDENTIFIER
rucl marc code BD-RjUL
005 - DATE AND TIME OF LATEST TRANSACTION
control field 20211209053306.0
008 - FIXED-LENGTH DATA ELEMENTS--GENERAL INFORMATION
fixed length control field 160511b xxu||||| |||| 00| 0 eng d
020 ## - INTERNATIONAL STANDARD BOOK NUMBER
Terms of availability : PRs 9.00
035 ## - SYSTEM CONTROL NUMBER
System control number (BD-RjUL) 40996
040 ## - CATALOGING SOURCE
Original cataloging agency BD-RjUL
Language of cataloging ben
Transcribing agency BD-RjUL
041 ## - LANGUAGE CODE
Language code of text/sound track or separate title ben
082 ## - DEWEY DECIMAL CLASSIFICATION NUMBER
Edition number 23
Classification number 891.441
Author mark and year RAB 1976
110 ## - MAIN ENTRY--CORPORATE NAME
Corporate name or jurisdiction name as entry element রাজশাহী বিশ্ববিদ্যালয়
Subordinate unit বাংলা গবেষণা সংসদ
9 (RLIN) 126436
245 00 - TITLE STATEMENT
Title বাংলা কবিতা সংকলন /
260 ## - PUBLICATION, DISTRIBUTION, ETC. (IMPRINT)
Place of publication, distribution, etc. ঢাকা :
Name of publisher, distributor, etc. বাংলাদেশ বুক করপোরেশন,
Date of publication, distribution, etc. ১৯৭৬ [১৩৮৩]
300 ## - PHYSICAL DESCRIPTION
Pagination ১৪৬ পৃ. ;
Size ১৯ সেমি.
650 ## - SUBJECT ADDED ENTRY--TOPICAL TERM
Topical term or geographic name as entry element বাংলা কবিতা
9 (RLIN) 125831
Topical term or geographic name as entry element Bengali poetry
9 (RLIN) 125832
942 ## - ADDED ENTRY ELEMENTS (KOHA)
Source of classification or shelving scheme Dewey Decimal Classification
Koha item type Books
Holdings
Lost status Source of classification or shelving scheme Damaged status Not for loan Collection code Permanent Location Current Location Shelving location Date acquired Source of acquisition Cost, normal purchase price Total Checkouts Full call number Date last seen Copy number Koha item type
  Dewey Decimal Classification     Non-fiction Central Library, University of Rajshahi Central Library, University of Rajshahi   21/08/1982 Aligorh Library, Rajshahi 9.00   B 891.441 RAB 1976 11/05/2016 C-2 Books
  Dewey Decimal Classification     Non-fiction Central Library, University of Rajshahi Central Library, University of Rajshahi   04/03/1977 Bangladesh book corporation 9.00   B 891.441 RAB 1976 14/05/2016 C-3 Books
  Dewey Decimal Classification     Non-fiction Central Library, University of Rajshahi Central Library, University of Rajshahi   04/03/1977 Bangladesh book corporation 9.00   B 891.441 RAB 1976 14/11/2016 C-4 Books
  Dewey Decimal Classification     Non-fiction Central Library, University of Rajshahi Central Library, University of Rajshahi   04/03/1977 Bangladesh book corporation 9.00   B 891.441 RAB 1976 17/11/2016 C-5 Books
  Dewey Decimal Classification     Non-fiction Central Library, University of Rajshahi Central Library, University of Rajshahi   04/03/1977 Bangladesh book corporation 9.00   B 891.441 RAB 1976 17/11/2016 C-6 Books